Pedagogía sexual y relaciones humanas (Record no. 23499)

MARC details
000 -LEADER
campo de control de longitud fija 00790nam a2200217 i 4500
001 - NÚMERO DE CONTROL
campo de control 23499
003 - IDENTIFICADOR DE NÚMERO DE CONTROL
campo de control ES-MaACL
005 - FECHA Y HORA DE LA ÚLTIMA TRANSACCIÓN
campo de control 20250727030118.0
007 - CAMPO FIJO DE DESCRIPCIÓN FÍSICA--INFORMACIÓN GENERAL
campo de control de longitud fija t|
008 - DATOS DE LONGITUD FIJA--INFORMACIÓN GENERAL
campo de control de longitud fija 021210s1958 sp ||||1| spa d
100 1# - ENTRADA PRINCIPAL--NOMBRE DE PERSONA
Nombre de persona Allers, Rudolf.
9 (RLIN) 20030
245 10 - MENCIÓN DEL TÍTULO
Título Pedagogía sexual y relaciones humanas
Resto del título : (fundamentos y líneas principales analítico-existenciales) /
Mención de responsabilidad, etc. Rudolf Allers ; con una introducción y notas por Oliver Brachfeld.
250 ## - MENCION DE EDICION
Mención de edición [1ª ed.].
260 ## - PUBLICACIÓN, DISTRIBUCIÓN, ETC.
Lugar de publicación, distribución, etc. Barcelona :
Nombre del editor, distribuidor, etc. Luis Miracle,
Fecha de publicación, distribución, etc. [1958] (
Lugar de fabricación/manufactura Andorra :
Fabricante Casal i Val)
300 ## - DESCRIPCIÓN FÍSICA
Extensión 383 p. ;
Dimensiones 22 cm.
490 1# - MENCIÓN DE SERIE
Mención de serie Biblioteca de antropología ;
Designación de volumen o secuencia 18
700 1# - ENTRADA AGREGADA--NOMBRE PERSONAL
Nombre de persona Oliver Brachfeld, F.
9 (RLIN) 86832
830 0# - PUNTO DE ACCESO ADICIONAL DE SERIE-TÍTULO UNIFORME
Título uniforme Biblioteca de antropología
Designación de volumen o secuencia 18
9 (RLIN) 180743
852 ## - LOCALIZACIÓN
Ubicación ES-MaACL
Número de control de estantería C-16252
Sublocalización o colección R.43633
Holdings
Estatus retirado Estado de pérdida Estado de daño No para préstamo Biblioteca de origen Biblioteca actual Ubicación en estantería Fecha de adquisición Fuente de adquisición Total de préstamos Signatura topográfica completa Código de barras Visto por última vez Precio de reemplazo Tipo de ítem Koha
        Biblioteca del Ateneo de Madrid Biblioteca del Ateneo de Madrid Galería 17/01/2008     C-16252 1024214 23/02/2023 23/02/2023 Libro impreso